01255cam a22003015a 45000010009000000050017000090080041000260200018000670200015000850400066001000820020001662450085001862460035002712600054003063000035003605000124003955000026005195040041005456500039005866500041006256530021006667000028006877000037007157400044007529420008007969990017008049520132008211630100920160320140816.0100624s2008 enka frb 001 0 eng d a9780853697053 a0853697051 aBTCTAcBTCTAdBAKERdYDXCPdPFMdCDXdUKMdDLCdEG-ScBUEbeng04a614.13222bCLA00aClarke's analytical forensic toxicology /cedited by Sue Jickells, Adam Negrusz.3 aAnalytical forensic toxicology aLondon ;aChicago :bPharmaceutical Press,c2008. axxiv, 648 p. :bill. ;c25 cm. a"This book is adapted from contributions published in volume 1 of Clarke's analysis of drugs and poisons, 3rd edition." aIndex : p. [625]-648. aIncludes bibliographical references. 7aForensic toxicology.2BUEsh939604 7aAnalytical toxicology.2BUEsh939605 bPPhrmcMarch20161 aJickells, Sue,eeditor.1 aNegrusz, Adam,cPh. D.,eeditor.0 aClarke's analysis of drugs and poisons. 2ddc c21454d21426 00102ddc40708Scien. H.aMAINbMAINc1STd2016-03-20ePurchaseg475.00h1l0o614.13 CLAp000032108r2025-07-15 00:00:00yBB